Geography Quiz

Random Geography or World Quiz

Secret Country VIII Quiz Stats

 Plays Quiz Updated Feb 13, 2019

Also try: Secret Country VII
Challenge
Share
Tweet
Score 0/197 Timer 01:00
15 Plays Today
% Correct
Italy
86.9%
France
85.3%
Germany
81.9%
Spain
81.7%
United Kingdom
79.9%
Portugal
78.8%
Switzerland
77.9%
United States of America
77.6%
Austria
75.7%
Andorra
75.4%
Russia
74.8%
Ireland
74.8%
Belgium
74.7%
Luxembourg
73.7%
Monaco
73.6%
Vatican City
73.5%
Netherlands
72.9%
Greece
72.8%
San Marino
72.5%
Poland
72.4%
Brazil
72.3%
Liechtenstein
72.2%
Canada
72%
China
71.9%
Iceland
71.3%
Egypt
71.3%
Mexico
71.2%
Malta
70.9%
Croatia
70.6%
Denmark
70.5%
Norway
70.4%
Sweden
70.4%
Czechia
70.3%
Slovenia
70%
Turkey
69.9%
Hungary
69.8%
Chad
69.6%
Niger
69.4%
Australia
69.2%
Slovakia
69.1%
Mali
68.9%
Serbia
68.8%
Algeria
68.8%
Libya
68.7%
India
68.7%
Finland
68.6%
Ghana
68.4%
Romania
68.3%
Albania
68.3%
Tunisia
68.2%
Panama
68.2%
Cote d'Ivoire
68%
South Africa
68%
Cyprus
68%
Sudan
68%
Togo
68%
Nigeria
67.9%
Senegal
67.8%
Kosovo
67.8%
Liberia
67.7%
Cuba
67.7%
North Macedonia
67.6%
Ukraine
67.5%
Guinea
67.5%
Chile
67.5%
Benin
67.5%
% Correct
Bosnia and Herzegovina
67.4%
Bulgaria
67.4%
Montenegro
67.4%
The Gambia
67.4%
Iran
67.3%
Sierra Leone
67.3%
Argentina
67.3%
Japan
67.3%
Burkina Faso
67.2%
Israel
67.2%
Mauritania
67.2%
Democratic Republic of the Congo
67.2%
Saudi Arabia
67.1%
Peru
67%
Moldova
66.9%
Honduras
66.9%
New Zealand
66.8%
Guatemala
66.8%
Costa Rica
66.7%
Syria
66.7%
Nicaragua
66.7%
Belize
66.7%
Iraq
66.7%
Latvia
66.7%
Kenya
66.7%
Guinea-Bissau
66.6%
Belarus
66.6%
Estonia
66.6%
Colombia
66.6%
Cameroon
66.6%
Gabon
66.5%
Central African Republic
66.5%
Jordan
66.5%
Angola
66.4%
Fiji
66.4%
Jamaica
66.4%
Indonesia
66.4%
Haiti
66.4%
Cabo Verde
66.4%
Lithuania
66.4%
Congo
66.4%
Venezuela
66.3%
Yemen
66.3%
Oman
66.3%
United Arab Emirates
66.3%
El Salvador
66.3%
Ethiopia
66.3%
Lebanon
66.3%
Somalia
66.2%
Bolivia
66.2%
Mongolia
66.2%
Ecuador
66.2%
Guyana
66.1%
Suriname
66.1%
The Bahamas
66.1%
Uganda
66.1%
Dominica
66.1%
Madagascar
66.1%
Papua New Guinea
66.1%
Equatorial Guinea
66.1%
Uruguay
66.1%
Rwanda
66%
Palestine
66%
Sao Tome and Principe
66%
Lesotho
66%
Tonga
66%
% Correct
Philippines
66%
Barbados
66%
Samoa
66%
Paraguay
66%
Trinidad and Tobago
66%
Malaysia
66%
South Sudan
66%
Qatar
66%
Vietnam
66%
Malawi
65.9%
Thailand
65.9%
Vanuatu
65.9%
Tuvalu
65.9%
Georgia
65.9%
Pakistan
65.9%
Laos
65.9%
Djibouti
65.9%
Palau
65.9%
Micronesia
65.9%
St Kitts
65.9%
Kiribati
65.9%
Armenia
65.9%
Nauru
65.9%
Namibia
65.9%
Zimbabwe
65.9%
Maldives
65.9%
Saint Lucia
65.9%
Singapore
65.9%
South Korea
65.9%
Zambia
65.9%
Marshall Islands
65.9%
Eritrea
65.9%
Seychelles
65.8%
Grenada
65.9%
North Korea
65.8%
Solomon Islands
65.8%
Kazakhstan
65.8%
Kuwait
65.8%
Afghanistan
65.8%
Nepal
65.8%
Timor-Leste
65.8%
Tanzania
65.8%
Botswana
65.8%
Mauritius
65.8%
Mozambique
65.8%
Brunei
65.8%
Antigua and Barbuda
65.8%
Dominican Republic
65.8%
Burundi
65.8%
Taiwan
65.8%
Comoros
65.8%
St Vincent
65.8%
eSwatini
65.8%
Bahrain
65.8%
Sri Lanka
65.7%
Cambodia
65.7%
Azerbaijan
65.7%
Bhutan
65.7%
Myanmar
65.7%
Uzbekistan
65.7%
Kyrgyzstan
65.7%
Turkmenistan
65.7%
Bangladesh
65.7%
Tajikistan
65.6%
Morocco
65.6%

You're not logged in!

Compare scores with friends on all Sporcle quizzes.
OR
Log In

You Might Also Like...

Show Comments

Extras

Top Quizzes Today


Score Distribution

Your Account Isn't Verified!

In order to create a playlist on Sporcle, you need to verify the email address you used during registration. Go to your Sporcle Settings to finish the process.

Report this User

Report this user for behavior that violates our Community Guidelines.

Details: